Practical Soil Dynamics Case Studies in Earthquake and Geotechnical Engineering /

The objective of this book is to fill some of the gaps in the existing engineering codes and standards related to soil dynamics, concerning issues in earthquake engineering and ground vibrations, by using formulas and hand calculators. The usefulness and accuracy of the simple analyses are demonstra...

Full description

Bibliographic Details
Main Author: Srbulov, Milutin (Author)
Corporate Author: SpringerLink (Online service)
Format: Electronic eBook
Language:English
Published: Dordrecht : Springer Netherlands : Imprint: Springer, 2011.
Series:Geotechnical, Geological, and Earthquake Engineering, 20
Subjects:
Online Access:Full Text via HEAL-Link
LEADER 03952nam a22005895i 4500
001 978-94-007-1312-3
003 DE-He213
005 20151204142523.0
007 cr nn 008mamaa
008 110616s2011 ne | s |||| 0|eng d
020 |a 9789400713123  |9 978-94-007-1312-3 
024 7 |a 10.1007/978-94-007-1312-3  |2 doi 
040 |d GrThAP 
050 4 |a TA703-705.4 
072 7 |a RB  |2 bicssc 
072 7 |a SCI019000  |2 bisacsh 
082 0 4 |a 624.151  |2 23 
100 1 |a Srbulov, Milutin.  |e author. 
245 1 0 |a Practical Soil Dynamics  |h [electronic resource] :  |b Case Studies in Earthquake and Geotechnical Engineering /  |c by Milutin Srbulov. 
264 1 |a Dordrecht :  |b Springer Netherlands :  |b Imprint: Springer,  |c 2011. 
300 |a XXII, 266 p.  |b online resource. 
336 |a text  |b txt  |2 rdacontent 
337 |a computer  |b c  |2 rdamedia 
338 |a online resource  |b cr  |2 rdacarrier 
347 |a text file  |b PDF  |2 rda 
490 1 |a Geotechnical, Geological, and Earthquake Engineering,  |x 1573-6059 ;  |v 20 
505 0 |a List of symbols -- Preface -- Acknowledgements -- 1. Introduction -- 2. Main ground motion sources and properties -- 3. Typical ground motions, recording, grounding investigations and testing -- 4. Soil properties used in simple analyses -- 5. Fast sliding of non-liquefied soil -- 6. Flow of liquefied sandy soil -- 7. Massive retaining walls -- 8. Slender retaining walls -- 9. Shallow foundations -- 10. Piled foundations -- 11. Tunnels, vertical shafts and pipelines -- 12. Ground vibration caused by industry -- References -- Index. 
520 |a The objective of this book is to fill some of the gaps in the existing engineering codes and standards related to soil dynamics, concerning issues in earthquake engineering and ground vibrations, by using formulas and hand calculators. The usefulness and accuracy of the simple analyses are demonstrated by their implementation to the case histories available in the literature. Ideally, the users of the volume will be able to comment on the analyses as well as provide more case histories of simple considerations by publishing their results in a number of international journals and conferences. The ultimate aim is to extend the existing codes and standards by adding new widely accepted analyses in engineering practice. The following topics have been considered in this volume: • main ground motion sources and properties • typical ground motions, recording, ground investigations and testing • soil properties used in simple analyses • fast sliding in non-liquefied soil • flow of liquefied sandy soil • massive retaining walls • slender retaining walls • shallow foundations • piled foundations • tunnels, vertical shafts and pipelines • ground vibration caused by industry. Audience: This book is of interest to geotechnical engineers, engineering geologists, earthquake engineers and students. . 
650 0 |a Earth sciences. 
650 0 |a Geotechnical engineering. 
650 0 |a Buildings  |x Design and construction. 
650 0 |a Building. 
650 0 |a Construction. 
650 0 |a Engineering, Architectural. 
650 0 |a Engineering geology. 
650 0 |a Engineering  |x Geology. 
650 0 |a Foundations. 
650 0 |a Hydraulics. 
650 0 |a Geoecology. 
650 0 |a Environmental geology. 
650 1 4 |a Earth Sciences. 
650 2 4 |a Geotechnical Engineering & Applied Earth Sciences. 
650 2 4 |a Geoengineering, Foundations, Hydraulics. 
650 2 4 |a Building Construction. 
650 2 4 |a Geoecology/Natural Processes. 
710 2 |a SpringerLink (Online service) 
773 0 |t Springer eBooks 
776 0 8 |i Printed edition:  |z 9789400713116 
830 0 |a Geotechnical, Geological, and Earthquake Engineering,  |x 1573-6059 ;  |v 20 
856 4 0 |u http://dx.doi.org/10.1007/978-94-007-1312-3  |z Full Text via HEAL-Link 
912 |a ZDB-2-EES 
950 |a Earth and Environmental Science (Springer-11646)